RICS Artificial Intelligence in Construction report 2025 (Record no. 122211)

MARC details
000 -LEADER
fixed length control field 00988nam a22002057a 4500
005 - DATE AND TIME OF LATEST TRANSACTION
control field 20250918103556.0
008 - FIXED-LENGTH DATA ELEMENTS--GENERAL INFORMATION
fixed length control field 250918s xxk|||||o|||| 00| 0 eng d
041 ## - LANGUAGE CODE
Language code of text/sound track or separate title eng
110 ## - MAIN ENTRY--CORPORATE NAME
Corporate author Royal Institution of Chartered Surveyors
245 ## - TITLE STATEMENT
Title RICS Artificial Intelligence in Construction report 2025
Medium [Electronic resource]
260 ## - PUBLICATION INFORMATION
Place of publication London,
Publisher Royal Institution of Chartered Surveyors,
Date September 2025
520 ## - ABSTRACT
Abstract Using the survey responses of more than 2,200 professionals globally, this report examines current attitudes toward AI in the construction sector and recommends actions to accelerate progress and ensure responsible AI integration.
650 ## - KEYWORDS
Keywords ARTIFICIAL INTELLIGENCE
650 ## - KEYWORDS
Keywords CONSTRUCTION
651 ## - SUBJECT ADDED ENTRY--GEOGRAPHIC NAME
Geographic name International
690 ## - BROAD SUBJECT
Broad subject Artificial Intelligence
9 (RLIN) 6352
710 ## - ADDED CORPORATE NAME
Added corporate author Royal Institution of Chartered Surveyors
856 ## - ONLINE RESOURCE
Uniform Resource Identifier <a href="https://www.rics.org/news-insights/artificial-intelligence-in-construction-report">https://www.rics.org/news-insights/artificial-intelligence-in-construction-report</a>
Public note Available free on RICS.org
942 ## - ADDED ENTRY ELEMENTS (KOHA)
Suppress in OPAC Do not suppress in OPAC
Holdings
Lost status Damaged status Not for loan Current library Shelving location Date acquired Total Checkouts Full call number Date last seen Price effective from Koha item type
      Virtual Online 18/09/2025   ONLINE PUBLICATION 18/09/2025 18/09/2025 Online material